|
|
|
|
| LEADER |
00704nta a2200169 i 4500 |
| 001 |
dipl47342 |
| 005 |
20150324084558.0 |
| 008 |
150319s2013 hu om 0|| zxx d |
| 040 |
|
|
|a SZTE Diploma Repozitórium
|b hun
|
| 041 |
|
|
|a zxx
|
| 100 |
1 |
|
|a Dávid Zsuzsanna Dorina
|
| 245 |
1 |
0 |
|a Egy hétköznapi hős
|h [elektronikus dokumentum] :
|b portréfilm Dávidné Szőke Éváról /
|c Zsuzsanna Dorina Dávid
|
| 246 |
1 |
0 |
|a Portrait movie about Dávidné Szőke Éva
|h [elektronikus dokumentum]
|
| 260 |
|
|
|c 2013
|
| 650 |
|
4 |
|a Bölcsészettudományok
|
| 700 |
2 |
|
|a Kövérné Klucsik Edit
|e ths
|
| 856 |
4 |
0 |
|u http://diploma.bibl.u-szeged.hu/id/eprint/47342/1/2012_D%C3%A1vid_Zsuzsanna_Dorina_DAZSAAB_SZE_SZ.pdf
|z Dokumentum-elérés
|